01243cam a2200265 i 450000500170000000800410001704000240005804100080008204400070009008200190009710000460011624502010016225000230036326000790038630000560046550400600052165000410058165000480062270000330067070000360070370000330073994200150077299900170078795201730080420170119110300.0151029s2014 ck a b 000 0 spa  aDLCcDLCdCo-BoIAVH0 aspa ack04a346.0482bM75d1 aMonroy Rodríguez, Juan Carlos,eauthor.13aEl derecho de autor y los derechos conexos en la industria de la musica /cautores de los textos, Juan Carlos Monroy Rodríguez, Ximena Rojas Murcia, Johanna Sáenz Ardila y Camila Arias Ospina. aPrimera edición. aBogotá (Colombia) : bDirección Nacional de Derecho de Autor,c[s.f.]. a40 páginas :bilustraciones a color ;c21 x 15 cm aIncluye referencias bibliográficas (páginas 38-39).26aDerecho de autorxMúsicazColombia26aComercioxMúsicaxLegislaciónzColombia1 aRojas Murcia, Ximenaeautora1 aSáenz Ardila, Johannaeautora1 aArias Ospina, Camilaeautora 2ddccLIBRO c19219d19219 00102ddc40708GENERALIINV2017aBogotabBogotad2017-01-19eInstitutog39000.00l0oLB-346.0482 M75dp040919r2017-01-19 00:00:00tEj. 1w2017-01-19xDonacionyLIBRO